000
00227nam a22000857a 4500
008
160630b xxu||||| |||| 00| 0 eng d
100
_9
1482
_a
Negi, J
245
_a
Food and Beverage
260
_a
New Delhi
_b
Kanishka Publication
_c
2004
999
_c
1227
_d
1227